| 000 | 00962cab a22001935a 4500 | ||
|---|---|---|---|
| 001 | L137426 | ||
| 008 | 070405e20070329xxkd f 000 0 eng d | ||
| 035 | _a(Sirsi) u137426 | ||
| 041 | 0 | _aeng | |
| 245 | 0 | 0 | _aRise in price of skilled labour slowing down |
| 260 | _c2007 | ||
| 490 |
_aConstruction News _v(7011) 29 March 2007, 16(1) |
||
| 520 | _aAccording to the "Construction News" Contractor's Input Cost Index input costs rose by 5.8% in the year to March 2007 and by 1.7% in the past quarter. Although the average cost of materials has risen by 7.7% in the last 12 months the rise in the price of skilled labour is slowing down. States that London remains the most expensive place to build and suggests that the influx of labour from Eastern Europe continues to affect site rates. | ||
| 590 | _aKA | ||
| 650 | 2 | 4 | _aCONSTRUCTION NEWS CONTRACTOR'S COST INDEX |
| 651 | 4 |
_aUnited Kingdom _y |
|
| 690 | _aBUILT ENVIRONMENT-CONSTRUCTION MARKET | ||
| 942 | _n0 | ||
| 999 |
_c78600 _d78600 |
||